Prostitution and victorian society : women, class, and state

Αποθηκεύτηκε σε:
Λεπτομέρειες βιβλιογραφικής εγγραφής
Κύριος συγγραφέας: Walkowitz, Judith R.
Μορφή: Βιβλίο
Γλώσσα:English
Δημοσίευση: Cambridge; New York : Cambridge University Press, c1999
Θέματα:
Ετικέτες: Προσθήκη ετικέτας
Δεν υπάρχουν, Καταχωρήστε ετικέτα πρώτοι!

MARC

LEADER 00000nam a2200000 i 4500
001 1/40242
008 030909s1999 eng d
020 |a 0-521-27064-2 
035 |l 10070771 
040 |a GR-MY-UA  |b gre  |e aacr 
041 0 |a eng 
082 0 |a 306.7420941 
100 1 |a Walkowitz, Judith R. 
245 1 0 |a Prostitution and victorian society :  |b women, class, and state /  |c Judith R. Walkowitz 
260 |a Cambridge; New York :   |b Cambridge University Press,   |c c1999 
300 |a ix, 347 σ.;  |c 24 εκ. 
504 |a Περιέχει βιβλιογραφία και ευρετήριο 
650 0 0 |a Prostitution  |z Great Britain  |x History  |y 19th century. 
650 0 0 |a Sexually transmitted diseases  |z Great Britain  |x History  |y 19th century. 
650 0 0 |a Sexually transmitted diseases  |x Law and legislation  |z Great Britain  |x History  |y 19th century. 
650 0 0 |a Women  |z Great Britain  |x History  |y 19th century. 
852 |a INST  |b LESVOS  |e 20030909  |h 306.7420941 WAL  |p 005100026579  |q 005100026579  |t BK  |y 0 
901 |a BIBL1-2003-3 
909 |a Λ  |b 105990 
922 |a 1ΕΛΗ  |b 200308  |c ΕΠΕΑΕΚ2/ΤΚΑ  |d ΠΑΠΑΣΩΤΗΡΙΟΥ 
950 |a 117-2003-06-11 
970 |a ΚΑΡΑ  |b ΓΙΑΣΕΜΗ  |z 2003/09/17